000 00579nam a2200181Ia 4500
003 GCL
008 140319s9999 xx 000 0 ara d
040 _aGCL /
_cGCL
082 0 4 _a001.64044
_bف ج
100 1 _aفاروق محمد العامرى
245 1 0 _aالحاسبة اليدوية والكمبيوتر /
_cفاروق محمد العامرى
260 _a[S.N] :
_bدار الراتب الجامعية ،
_c1987
300 _a103 ص
490 _a
650 0 4 _aالحاسبات الالكترونية
650 0 4 _aالالات الحاسبة
942 _2ddc
_cBK
999 _c40306
_d40306